[Event "Tirol Landesliga 2223"]
[Site "Austria"]
[Date "2023.03.12"]
[Round "8.3"]
[White "Ferrari, Josef"]
[Black "Berchtold, Clemens"]
[Result "1/2-1/2"]
[WhiteElo "2024"]
[BlackElo "2032"]
[PlyCount "46"]
[EventDate "2022.10.01"]
[EventType "team-tourn"]
[EventRounds "9"]
[EventCountry "AUT"]
[SourceTitle "EXT 2024"]
[Source "ChessBase"]
[SourceDate "2023.10.10"]
[SourceVersion "1"]
[SourceVersionDate "2023.10.10"]
[SourceQuality "1"]
[WhiteTeam "Fuegen/Mayrhofen/Zillertal"]
[BlackTeam "Hall/Mils"]
[WhiteTeamCountry "AUT"]
[BlackTeamCountry "AUT"]

1. d4 Nf6 2. g3 d5 3. Bg2 e6 4. Nf3 Be7 5. 0-0 0-0 6. c4 Nbd7 7. b3 c6 8. Nc3 b6 9. a3 Bb7 10. Bb2 Rc8 11. Nd2 Qc7 12. Rc1 Qb8 13. e4 dxe4 14. Ndxe4 Nxe4 15. Nxe4 Nf6 16. Nd2 Nd7 17. Qe2 Rfe8 18. Rfd1 Rcd8 19. Nf3 Nf6 20. Qc2 Nd7 21. Nd2 Nf6 22. Nf3 Nd7 23. Nd2 Nf6 1/2-1/2

[Event "Bad Wiessee Senioren Cup 8th"]
[Site "Bad Wiessee"]
[Date "2019.05.19"]
[Round "9"]
[White "Ferrari, Josef"]
[Black "Schroeder, Klaus"]
[Result "1-0"]
[WhiteElo "2034"]
[BlackElo "1848"]
[PlyCount "113"]
[EventDate "2019.05.11"]
[EventType "swiss"]
[EventRounds "9"]
[EventCountry "GER"]
[SourceTitle "EXT 2020"]
[Source "ChessBase"]
[SourceDate "2019.10.17"]
[SourceVersion "1"]
[SourceVersionDate "2019.10.17"]
[SourceQuality "1"]

1. d4 Nf6 2. c4 e6 3. Nf3 b6 4. g3 Bb7 5. Bg2 Be7 6. 0-0 0-0 7. Nc3 d6 8. Qc2 Nbd7 9. b3 a6 10. Bb2 c5 11. e4 e5 12. dxe5 dxe5 13. Rad1 Qc7 14. Rfe1 Rfd8 15. Nd5 Nxd5 16. exd5 f6 17. Nh4 Nf8 18. Nf5 Bd6 19. Rd2 Bc8 20. Ne3 Bd7 21. Be4 Be8 22. Rde2 b5 23. Nf5 b4 24. Bc1 a5 25. f4 Bh5 26. Nxd6 Qxd6 27. fxe5 fxe5 28. Re3 Bg6 29. Bb2 Re8 30. Bf5 Bxf5 31. Qxf5 Ng6 32. Bxe5 Nxe5 33. Rxe5 Rxe5 34. Qxe5 Qxe5 35. Rxe5 a4 36. d6 Rd8 37. Rxc5 Rxd6 38. Rd5 Rxd5 39. cxd5 axb3 40. axb3 Kf7 41. Kf2 Kf6 42. Ke3 Ke5 43. d6 Kxd6 44. Kd4 h5 45. Kc4 g5 46. Kxb4 Ke5 47. Kc5 Ke4 48. b4 Kf3 49. b5 Kg2 50. b6 Kxh2 51. b7 Kxg3 52. b8Q+ Kf3 53. Qh2 h4 54. Kd4 Kg4 55. Ke4 h3 56. Qg1+ Kh4 57. Kf5 1-0

[Event "Bad Wiessee Senioren Cup 8th"]
[Site "Bad Wiessee"]
[Date "2019.05.15"]
[Round "5"]
[White "Urban, Rudolf"]
[Black "Ferrari, Josef"]
[Result "0-1"]
[WhiteElo "1862"]
[BlackElo "2034"]
[PlyCount "76"]
[EventDate "2019.05.11"]
[EventType "swiss"]
[EventRounds "9"]
[EventCountry "GER"]
[SourceTitle "EXT 2020"]
[Source "ChessBase"]
[SourceDate "2019.10.17"]
[SourceVersion "1"]
[SourceVersionDate "2019.10.17"]
[SourceQuality "1"]

1. d4 d5 2. Nf3 e6 3. Bf4 c5 4. c3 Nc6 5. e3 Bd7 6. Nbd2 f5 7. Bd3 Nf6 8. Ne5 c4 9. Bc2 b5 10. Qf3 Be7 11. 0-0 0-0 12. Qe2 b4 13. Rae1 bxc3 14. bxc3 Qa5 15. Rc1 Qxa2 16. Bb1 Qa5 17. f3 Nxe5 18. Bxe5 Qb6 19. e4 g6 20. Bc2 Qb2 21. Bb1 a5 22. exf5 exf5 23. Rc2 Qb5 24. Ba2 Qc6 25. Rb1 Ba3 26. Ra1 Bd6 27. f4 Bxe5 28. dxe5 Ne4 29. Nf3 Qc5+ 30. Kf1 Rfb8 31. Rb1 Rxb1+ 32. Bxb1 Rb8 33. Ba2 Rb3 34. Qe1 a4 35. Nd4 Rb6 36. Qh4 Qf8 37. Rc1 a3 38. Rb1 Nd2+ 0-1

[Event "Bad Wiessee Senioren Cup 8th"]
[Site "Bad Wiessee"]
[Date "2019.05.14"]
[Round "4"]
[White "Ferrari, Josef"]
[Black "Qendro, Llambi"]
[Result "1/2-1/2"]
[WhiteElo "2034"]
[BlackElo "2318"]
[PlyCount "38"]
[EventDate "2019.05.11"]
[EventType "swiss"]
[EventRounds "9"]
[EventCountry "GER"]
[SourceTitle "EXT 2020"]
[Source "ChessBase"]
[SourceDate "2019.10.17"]
[SourceVersion "1"]
[SourceVersionDate "2019.10.17"]
[SourceQuality "1"]

1. d4 g6 2. c4 Bg7 3. Nc3 d6 4. e4 Nf6 5. f3 b6 6. Be3 c5 7. Qd2 cxd4 8. Bxd4 Nc6 9. Be3 Ne5 10. Bh6 Bxh6 11. Qxh6 Ba6 12. b3 Qc7 13. Qd2 0-0 14. Rc1 Rad8 15. Nh3 e6 16. Be2 Qc5 17. Nf2 Qa5 18. 0-0 Rfe8 19. Rfd1 Kg7 1/2-1/2

[Event "Bad Wiessee Senioren Cup 8th"]
[Site "Bad Wiessee"]
[Date "2019.05.13"]
[Round "3"]
[White "Ferrari, Josef"]
[Black "Reinhardt, Joachim"]
[Result "1-0"]
[WhiteElo "2034"]
[BlackElo "1874"]
[PlyCount "107"]
[EventDate "2019.05.11"]
[EventType "swiss"]
[EventRounds "9"]
[EventCountry "GER"]
[SourceTitle "EXT 2020"]
[Source "ChessBase"]
[SourceDate "2019.10.17"]
[SourceVersion "1"]
[SourceVersionDate "2019.10.17"]
[SourceQuality "1"]

1. d4 d6 2. c4 c6 3. Nc3 Nd7 4. e4 Qc7 5. f3 e5 6. d5 Be7 7. Be3 Ngf6 8. Qd2 0-0 9. Bd3 a5 10. Nge2 a4 11. Bc2 a3 12. b3 Nc5 13. 0-0 h5 14. Rfd1 h4 15. Bxc5 dxc5 16. d6 Bxd6 17. Qxd6 Qb6 18. Na4 Rxa4 19. bxa4 Qb2 20. Qd2 Qb6 21. Rab1 Qc7 22. Rb3 Be6 23. Rc3 Nd7 24. Bb3 f5 25. Qd6 Qxd6 26. Rxd6 Kf7 27. exf5 Bxf5 28. Bc2 Be6 29. a5 Ke7 30. Rd2 Ra8 31. Rxa3 Bxc4 32. Nc1 b5 33. Bf5 Nf6 34. a6 Ra7 35. Ra5 Nd5 36. Be4 Ke6 37. Ra3 b4 38. Bxd5+ cxd5 39. Re3 Kd6 40. Re4 d4 41. Rxh4 Rxa6 42. Rg4 Ra7 43. Rg5 Bb5 44. Nb3 Ba4 45. f4 Bxb3 46. fxe5+ Ke6 47. axb3 Ra3 48. Rg3 Kxe5 49. Re2+ Kd5 50. Kf2 Ra7 51. Rc2 Rc7 52. Ke2 Ke4 53. Kd2 Kd5 54. Kd3 1-0

[Event "AUT-chT2W 0910"]
[Site "Austria"]
[Date "2009.11.29"]
[Round "6.6"]
[White "Ruescher, Christian"]
[Black "Ferrari, Josef"]
[Result "1/2-1/2"]
[WhiteElo "1984"]
[BlackElo "2119"]
[PlyCount "60"]
[EventDate "2009.10.23"]
[EventType "team-tourn"]
[EventRounds "11"]
[EventCountry "AUT"]
[SourceTitle "CBM 133 Extra"]
[Source "ChessBase"]
[SourceDate "2010.01.05"]
[SourceVersion "1"]
[SourceVersionDate "2010.01.05"]
[SourceQuality "1"]
[WhiteTeam "Dornbirn"]
[BlackTeam "Absam"]
[WhiteTeamCountry "AUT"]
[BlackTeamCountry "AUT"]

1. Nf3 Nf6 2. b4 g6 3. Bb2 Bg7 4. e4 d6 5. Bc4 0-0 6. d3 c6 7. Nbd2 b5 8. Bb3 a5 9. bxa5 Qxa5 10. 0-0 Qc7 11. e5 dxe5 12. Bxe5 Qb6 13. Qe2 e6 14. Rae1 Nbd7 15. Ba1 Nc5 16. Bd4 Nfd7 17. Bxg7 Kxg7 18. Ne4 Nxb3 19. axb3 c5 20. h4 Bb7 21. Qe3 Qc7 22. Ng3 Ra2 23. Re2 Qd6 24. h5 Rfa8 25. Ng5 Ra1 26. Ree1 Rxe1 27. Rxe1 Qd4 28. Qxd4+ cxd4 29. hxg6 hxg6 30. Ne2 e5 1/2-1/2

[Event "AUT-ch"]
[Site "Jenbach"]
[Date "2009.08.02"]
[Round "9"]
[White "Fruehauf, Norbert"]
[Black "Ferrari, Josef"]
[Result "0-1"]
[WhiteElo "2080"]
[BlackElo "2119"]
[PlyCount "66"]
[EventDate "2009.07.25"]
[EventType "swiss"]
[EventRounds "9"]
[EventCountry "AUT"]
[SourceTitle "CBM 131 Extra"]
[Source "ChessBase"]
[SourceDate "2009.09.03"]
[SourceVersion "2"]
[SourceVersionDate "2009.09.16"]
[SourceQuality "1"]

1. e4 e5 2. Nf3 Nc6 3. Bb5 a6 4. Ba4 Nf6 5. 0-0 Be7 6. Re1 b5 7. Bb3 0-0 8. c3 d5 9. exd5 Nxd5 10. Nxe5 Nxe5 11. Rxe5 c6 12. d3 Bd6 13. Re1 Qh4 14. g3 Qh3 15. Re4 Qf5 16. Nd2 Qg6 17. Re1 f5 18. c4 f4 19. Ne4 fxg3 20. fxg3 Bg4 21. Qc2 Nb4 22. Qc3 bxc4 23. Qxc4+ Kh8 24. Bd2 Nxd3 25. Qxd3 Rad8 26. Qc3 Bc7 27. Re3 Bb6 28. Nf2 Rxf2 29. Kxf2 Qf5+ 30. Kg1 Rf8 31. Kh1 Qf2 32. Rae1 Bxe3 33. Qxe3 Bf3+ 0-1

[Event "AUT-ch"]
[Site "Jenbach"]
[Date "2009.07.28"]
[Round "4"]
[White "Dietmayer Kraeutler, Marco"]
[Black "Ferrari, Josef"]
[Result "1-0"]
[WhiteElo "2276"]
[BlackElo "2119"]
[PlyCount "81"]
[EventDate "2009.07.25"]
[EventType "swiss"]
[EventRounds "9"]
[EventCountry "AUT"]
[SourceTitle "CBM 131 Extra"]
[Source "ChessBase"]
[SourceDate "2009.09.03"]
[SourceVersion "2"]
[SourceVersionDate "2009.09.16"]
[SourceQuality "1"]

1. d4 d5 2. c4 e6 3. Nc3 c5 4. cxd5 exd5 5. Nf3 Nc6 6. g3 Nf6 7. Bg2 Be7 8. 0-0 0-0 9. Be3 c4 10. b3 Bb4 11. Bd2 Qa5 12. Qc2 Ne4 13. Nxe4 dxe4 14. Bxb4 Qxb4 15. Qxe4 cxb3 16. Rab1 Qa5 17. Rxb3 Qxa2 18. Rb5 Qe6 19. Qxe6 fxe6 20. e3 Rb8 21. Rfb1 b6 22. Ng5 Nd8 23. Bh3 h6 24. Ne4 Bd7 25. Re5 Rc8 26. d5 Re8 27. Nd6 Nf7 28. dxe6 Nxd6 29. exd7 Rxe5 30. dxc8Q+ Nxc8 31. Bxc8 Rc5 32. Ba6 Kf8 33. Kf1 Ke7 34. Ke1 Kd6 35. Kd2 Ra5 36. Bc4 Kc5 37. Kc3 b5 38. Rxb5+ Rxb5 39. Bxb5 Kxb5 40. e4 g5 41. f4 1-0

[Event "AUT-ch"]
[Site "Jenbach"]
[Date "2009.07.25"]
[Round "1"]
[White "Ferrari, Josef"]
[Black "Knoll, Hermann"]
[Result "0-1"]
[WhiteElo "2119"]
[BlackElo "2393"]
[PlyCount "74"]
[EventDate "2009.07.25"]
[EventType "swiss"]
[EventRounds "9"]
[EventCountry "AUT"]
[SourceTitle "CBM 131 Extra"]
[Source "ChessBase"]
[SourceDate "2009.09.03"]
[SourceVersion "2"]
[SourceVersionDate "2009.09.16"]
[SourceQuality "1"]

1. d4 Nf6 2. c4 g6 3. Nc3 Bg7 4. e4 d6 5. f3 0-0 6. Be3 e5 7. d5 Nh5 8. Nge2 f5 9. Qd2 Nd7 10. 0-0-0 a6 11. Kb1 Ndf6 12. Nc1 Bd7 13. exf5 gxf5 14. Bh6 Qe8 15. Nb3 Qg6 16. Bxg7 Kxg7 17. Bd3 Nf4 18. Bc2 b5 19. g4 bxc4 20. gxf5 Qh5 21. Na5 Qxf3 22. Nxc4 Kh8 23. Rhg1 Rg8 24. Qe3 Qxe3 25. Nxe3 h5 26. Ne4 Rxg1 27. Rxg1 Rg8 28. Rxg8+ Nxg8 29. Ng5 Nf6 30. Bb3 Ng4 31. Nxg4 Bxf5+ 32. Kc1 hxg4 33. Kd2 Kg7 34. Ke3 Kg6 35. Ne4 Ng2+ 36. Kd3 Kf7 37. Bc2 Ne1+ 0-1

[Event "AUT-ch qual"]
[Site "Koeflach"]
[Date "2006.09.06"]
[Round "5"]
[White "Ferrari, Josef"]
[Black "Wersching, Alfred"]
[Result "1-0"]
[WhiteElo "2152"]
[BlackElo "2080"]
[PlyCount "49"]
[EventDate "2006.09.02"]
[EventType "swiss"]
[EventRounds "9"]
[EventCountry "AUT"]
[SourceTitle "CBM 114 Extra"]
[Source "ChessBase"]
[SourceDate "2006.11.03"]
[SourceVersion "1"]
[SourceVersionDate "2006.11.03"]
[SourceQuality "1"]

1. Nf3 f5 2. d4 Nf6 3. c4 g6 4. g3 Bg7 5. Bg2 d6 6. 0-0 0-0 7. d5 Na6 8. Be3 Bd7 9. Nc3 Qe8 10. Rc1 b6 11. Nd4 Nc5 12. b4 Nce4 13. Ncb5 Ng4 14. Nxc7 Qc8 15. Nxa8 Nxe3 16. fxe3 Bh6 17. Qd3 Qxa8 18. Bxe4 e5 19. Nc6 fxe4 20. Qxe4 Bh3 21. Rf3 Qe8 22. g4 Rxf3 23. exf3 Qf7 24. Kf2 Bxg4 25. Qxg4 1-0

[Event "AUT-ch qual"]
[Site "Koeflach"]
[Date "2006.09.02"]
[Round "1"]
[White "Hoelzl, Franz"]
[Black "Ferrari, Josef"]
[Result "1/2-1/2"]
[WhiteElo "2351"]
[BlackElo "2152"]
[PlyCount "118"]
[EventDate "2006.09.02"]
[EventType "swiss"]
[EventRounds "9"]
[EventCountry "AUT"]
[SourceTitle "CBM 114 Extra"]
[Source "ChessBase"]
[SourceDate "2006.11.03"]
[SourceVersion "1"]
[SourceVersionDate "2006.11.03"]
[SourceQuality "1"]

1. Nf3 d5 2. c4 e6 3. g3 c5 4. Bg2 Nf6 5. 0-0 Be7 6. cxd5 exd5 7. d4 0-0 8. Be3 cxd4 9. Nxd4 Nc6 10. Nc3 Bg4 11. Qa4 Qd7 12. Rfd1 Rfd8 13. Nxd5 Nxd5 14. Bxd5 Nxd4 15. Qxd4 Bf6 16. Qb4 Bxe2 17. Rd2 Ba6 18. Rad1 Qh3 19. Qb3 Qd7 20. Bxa7 Bb5 21. Bb6 Re8 22. Qf3 Qe7 23. Be3 Bg5 24. Re1 Qc7 25. Rdd1 Bf6 26. h4 Bc6 27. Bxc6 Qxc6 28. Qxc6 bxc6 29. Bc1 Reb8 30. Rd6 Bxb2 31. Rxc6 h6 32. Bf4 Rb5 33. Re7 Rxa2 34. Rc8+ Kh7 35. Be3 Rf5 36. g4 Rf6 37. Ree8 Re6 38. Rf8 Re7 39. Kg2 g6 40. Rc2 Bg7 41. Rxf7 Rxf7 42. Rxa2 Be5 43. Ra6 Bg7 44. Re6 Bf8 45. Re5 Be7 46. h5 g5 47. Kf1 Bf8 48. Re8 Bg7 49. Ke2 Rd7 50. Kf3 Rb7 51. Ra8 Re7 52. Ra7 Rxa7 53. Bxa7 Kg8 54. Ke4 Kf7 55. Bb6 Ke6 56. Bd4 Bf8 57. Be5 Kf7 58. Kf5 Bc5 59. f3 Be7 1/2-1/2

[Event "AUT-ch qual"]
[Site "Gmunden"]
[Date "2005.08.16"]
[Round "4"]
[White "Punzenberger, Franz"]
[Black "Ferrari, Josef"]
[Result "1-0"]
[WhiteElo "2197"]
[BlackElo "2139"]
[PlyCount "59"]
[EventDate "2005.08.13"]
[EventType "swiss"]
[EventRounds "9"]
[EventCountry "AUT"]
[SourceTitle "CBM 107 Extra"]
[Source "ChessBase"]
[SourceDate "2005.09.01"]
[SourceVersion "1"]
[SourceVersionDate "2005.09.01"]
[SourceQuality "1"]

1. d4 d5 2. c4 e6 3. Nc3 c5 4. cxd5 exd5 5. Nf3 Nc6 6. Bg5 f6 7. Bf4 g5 8. Be3 g4 9. Nh4 c4 10. g3 Nge7 11. Bg2 Bg7 12. 0-0 Be6 13. b3 cxb3 14. axb3 Ng6 15. Nxg6 hxg6 16. Qd3 Ne7 17. Bf4 a6 18. e4 Kf7 19. Rfe1 g5 20. exd5 Nxd5 21. Rxe6 Nxc3 22. Rd6 Qe7 23. Qxc3 gxf4 24. Bd5+ Kg6 25. Qd3+ Kh6 26. Qf5 Rae8 27. Qxf4+ Kh7 28. Qf5+ Kh6 29. Rd7 Qe2 30. Bf7 1-0

[Event "Liechtenstein op 23rd"]
[Site "Triesen"]
[Date "2005.05.03"]
[Round "5"]
[White "Wiedermann, Franz"]
[Black "Ferrari, Josef"]
[Result "0-1"]
[WhiteElo "2083"]
[BlackElo "2206"]
[PlyCount "30"]
[EventDate "2005.04.29"]
[EventType "swiss"]
[EventRounds "9"]
[EventCountry "LIE"]
[SourceTitle "CBM 106 Extra"]
[Source "ChessBase"]
[SourceDate "2005.07.01"]
[SourceVersion "1"]
[SourceVersionDate "2005.07.01"]
[SourceQuality "1"]

1. d4 c5 2. d5 d6 3. e4 e5 4. Nc3 Be7 5. Bb5+ Nd7 6. f4 a6 7. Bxd7+ Bxd7 8. fxe5 dxe5 9. d6 Bf8 10. Qd5 Be6 11. Qxb7 Bxd6 12. Qc6+ Kf8 13. Be3 Ne7 14. Qa4 Bd7 15. Qc4 Be6 0-1

[Event "Liechtenstein op 23rd"]
[Site "Triesen"]
[Date "2005.04.30"]
[Round "2"]
[White "Ferrari, Josef"]
[Black "Horvath, Jozsef"]
[Result "0-1"]
[WhiteElo "2206"]
[BlackElo "2513"]
[PlyCount "72"]
[EventDate "2005.04.29"]
[EventType "swiss"]
[EventRounds "9"]
[EventCountry "LIE"]
[SourceTitle "CBM 106 Extra"]
[Source "ChessBase"]
[SourceDate "2005.07.01"]
[SourceVersion "1"]
[SourceVersionDate "2005.07.01"]
[SourceQuality "1"]

1. d4 Nf6 2. c4 e6 3. g3 d5 4. Bg2 Bb4+ 5. Bd2 Be7 6. Nf3 0-0 7. 0-0 c6 8. Qb3 Nbd7 9. Nc3 Nb6 10. c5 Nc4 11. Bf4 b6 12. cxb6 axb6 13. Qc2 b5 14. Ne5 Nxe5 15. Bxe5 Qb6 16. Bxf6 Bxf6 17. e3 Bd7 18. Ne2 e5 19. dxe5 Bxe5 20. Rfd1 g6 21. a3 Ra4 22. Rac1 Rfa8 23. Nc3 R4a7 24. Na2 Bd6 25. Qc3 Ra4 26. Qf6 Be6 27. Nc3 R4a7 28. Qd4 Qxd4 29. exd4 b4 30. Nb1 bxa3 31. bxa3 Bd7 32. Rc3 Bxa3 33. Nxa3 Rxa3 34. Rxa3 Rxa3 35. Kf1 Bg4 36. Rc1 Rd3 0-1

[Event "AUT-chT2W 0405"]
[Site "Austria"]
[Date "2005.03.04"]
[Round "9.5"]
[White "Ferrari, Josef"]
[Black "Waggerl, Franz"]
[Result "0-1"]
[WhiteElo "2220"]
[BlackElo "2129"]
[PlyCount "61"]
[EventDate "2004.10.16"]
[EventType "team-tourn"]
[EventRounds "11"]
[EventCountry "AUT"]
[SourceTitle "EXT 2005"]
[Source "ChessBase"]
[SourceDate "2004.11.15"]
[SourceVersion "1"]
[SourceVersionDate "2004.11.15"]
[SourceQuality "1"]
[WhiteTeam "Absam"]
[BlackTeam "Salzburg Wuestenrot"]
[WhiteTeamCountry "AUT"]
[BlackTeamCountry "AUT"]

1. d4 f5 2. c4 g6 3. g3 Bg7 4. Bg2 Nc6 5. d5 Ne5 6. Qc2 Nf6 7. Nh3 0-0 8. 0-0 h6 9. Nd2 d6 10. Nf4 c6 11. Nf3 Nxf3+ 12. Bxf3 Qe8 13. Bd2 g5 14. Nd3 Ne4 15. Be3 Qg6 16. Rac1 f4 17. Nxf4 Rxf4 18. Bxf4 Bf5 19. Be3 Nxg3 20. Qb3 Nxf1 21. Qxb7 Rf8 22. Rxf1 g4 23. Bg2 Be5 24. Qxe7 Qh5 25. f4 gxf3 26. Rxf3 Re8 27. Qxa7 Be4 28. dxc6 Bxc6 29. Rf2 Bxh2+ 30. Kf1 Qg6 31. Bc1 0-1

[Event "AUT-chT2W 0405"]
[Site "Austria"]
[Date "2005.01.23"]
[Round "8.5"]
[White "Hosp, Reinhard"]
[Black "Ferrari, Josef"]
[Result "1-0"]
[WhiteElo "2131"]
[BlackElo "2220"]
[PlyCount "55"]
[EventDate "2004.10.16"]
[EventType "team-tourn"]
[EventRounds "11"]
[EventCountry "AUT"]
[SourceTitle "EXT 2005"]
[Source "ChessBase"]
[SourceDate "2004.11.15"]
[SourceVersion "1"]
[SourceVersionDate "2004.11.15"]
[SourceQuality "1"]
[WhiteTeam "Reutte"]
[BlackTeam "Absam"]
[WhiteTeamCountry "AUT"]
[BlackTeamCountry "AUT"]

1. e4 e5 2. Nf3 Nc6 3. Bb5 a6 4. Ba4 Nf6 5. 0-0 Be7 6. Re1 b5 7. Bb3 0-0 8. h3 Bb7 9. c3 d6 10. d3 Na5 11. Bc2 c5 12. Nbd2 Qc7 13. Nf1 Rfe8 14. g4 Bf8 15. Bg5 Nd7 16. Ng3 Nc6 17. Nf5 Nb6 18. Rc1 Bc8 19. Bb1 a5 20. Be3 a4 21. a3 Be6 22. Ng5 Bb3 23. Qe2 g6 24. Ng3 f6 25. Nf3 Qd8 26. g5 Be7 27. gxf6 Bxf6 28. Bc2 1-0

[Event "AUT-chT2W 0405"]
[Site "Austria"]
[Date "2005.01.22"]
[Round "7.5"]
[White "Neuschmied, Siegfried"]
[Black "Ferrari, Josef"]
[Result "1-0"]
[WhiteElo "2218"]
[BlackElo "2220"]
[PlyCount "75"]
[EventDate "2004.10.16"]
[EventType "team-tourn"]
[EventRounds "11"]
[EventCountry "AUT"]
[SourceTitle "EXT 2005"]
[Source "ChessBase"]
[SourceDate "2004.11.15"]
[SourceVersion "1"]
[SourceVersionDate "2004.11.15"]
[SourceQuality "1"]
[WhiteTeam "Woergl"]
[BlackTeam "Absam"]
[WhiteTeamCountry "AUT"]
[BlackTeamCountry "AUT"]

1. e4 e5 2. Nf3 Nc6 3. Bb5 a6 4. Ba4 Nf6 5. 0-0 Be7 6. Re1 b5 7. Bb3 0-0 8. c3 d5 9. exd5 Nxd5 10. Nxe5 Nxe5 11. Rxe5 c6 12. g3 Bd6 13. Re1 Qd7 14. d3 Qh3 15. Re4 Qf5 16. Nd2 Qg6 17. c4 Nf6 18. Rh4 Bg4 19. Nf3 Rae8 20. Be3 Bf5 21. Bf4 Ng4 22. Bxd6 Qxd6 23. Ng5 Qd4 24. Qf3 Qxb2 25. Qxf5 Qxa1+ 26. Kg2 Ne3+ 27. fxe3 g6 28. Qf2 h5 29. cxb5 axb5 30. Rf4 Re7 31. Nxf7 Kg7 32. d4 Qc1 33. Ne5 Rxf4 34. Qxf4 Qd2+ 35. Kh3 Qe2 36. Nxc6 Rxe3 37. Ne5 Rxb3 38. Qf7+ 1-0

[Event "AUT-chT2W 0405"]
[Site "Austria"]
[Date "2004.12.03"]
[Round "3.5"]
[White "Baerner, Helmut"]
[Black "Ferrari, Josef"]
[Result "1-0"]
[WhiteElo "2143"]
[BlackElo "2220"]
[PlyCount "107"]
[EventDate "2004.10.16"]
[EventType "team-tourn"]
[EventRounds "11"]
[EventCountry "AUT"]
[SourceTitle "EXT 2005"]
[Source "ChessBase"]
[SourceDate "2004.11.15"]
[SourceVersion "1"]
[SourceVersionDate "2004.11.15"]
[SourceQuality "1"]
[WhiteTeam "Innsbruck"]
[BlackTeam "Absam"]
[WhiteTeamCountry "AUT"]
[BlackTeamCountry "AUT"]

1. d4 c5 2. dxc5 g6 3. e4 Bg7 4. c3 Qc7 5. Be3 a5 6. Bd4 Nf6 7. f3 0-0 8. Na3 Na6 9. Bxa6 Rxa6 10. Nh3 e5 11. Be3 d5 12. cxd6 Rxd6 13. Qe2 Qc6 14. Qb5 Bxh3 15. Qxc6 Rxc6 16. gxh3 Rd8 17. Rd1 Rxd1+ 18. Kxd1 Bf8 19. Nb5 Bc5 20. Bxc5 Rxc5 21. a4 Nh5 22. Kc2 Kf8 23. Nd6 b6 24. b3 Nf4 25. Nc4 b5 26. axb5 Rxb5 27. Ra1 Nxh3 28. Nxa5 Ng5 29. c4 Rb8 30. Nc6 Re8 31. Rf1 Re6 32. Nxe5 Rxe5 33. f4 Rxe4 34. fxg5 Re2+ 35. Kd3 Rxh2 36. c5 Ke7 37. Rd1 h6 38. gxh6 Rxh6 39. b4 Rh3+ 40. Kc4 Rh4+ 41. Kb5 g5 42. c6 g4 43. c7 Rh8 44. Kc6 f5 45. b5 g3 46. b6 f4 47. Re1+ Kf7 48. b7 f3 49. c8Q Rh6+ 50. Kd7 f2 51. Qe8+ Kf6 52. Re6+ Kg5 53. Qe7+ Kh5 54. Qf7+ 1-0

[Event "AUT-chT2W 0405"]
[Site "Austria"]
[Date "2004.10.17"]
[Round "2.5"]
[White "Ferrari, Josef"]
[Black "Mroz, Thomas"]
[Result "0-1"]
[WhiteElo "2220"]
[BlackElo "2105"]
[PlyCount "120"]
[EventDate "2004.10.16"]
[EventType "team-tourn"]
[EventRounds "11"]
[EventCountry "AUT"]
[SourceTitle "EXT 2005"]
[Source "ChessBase"]
[SourceDate "2004.11.15"]
[SourceVersion "1"]
[SourceVersionDate "2004.11.15"]
[SourceQuality "1"]
[WhiteTeam "Absam"]
[BlackTeam "Mozart"]
[WhiteTeamCountry "AUT"]
[BlackTeamCountry "AUT"]

1. c4 e6 2. g3 Nf6 3. Bg2 d5 4. d4 dxc4 5. Nf3 Nc6 6. Qa4 Nd7 7. Qxc4 Nb6 8. Qd3 e5 9. 0-0 exd4 10. Rd1 Be7 11. Nxd4 Nxd4 12. Qxd4 Qxd4 13. Rxd4 0-0 14. Nc3 c6 15. b3 Bf6 16. Rd3 Bg4 17. f3 Rfd8 18. fxg4 Rxd3 19. exd3 Bxc3 20. Rb1 Rd8 21. Be4 Nd5 22. Kg2 Nb4 23. Be3 Bd4 24. Kf3 Bb6 25. Bxb6 axb6 26. Ke3 Nxa2 27. Ra1 Nc3 28. Ra7 Nxe4 29. Kxe4 Rb8 30. Kd4 Kf8 31. Kc4 Ke7 32. b4 Kd6 33. b5 Kc7 34. Ra2 Re8 35. bxc6 Kxc6 36. Rb2 Re1 37. g5 b5+ 38. Kd4 Re6 39. Rc2+ Kd6 40. Rb2 Kc6 41. Rc2+ Kd6 42. Rc5 b4 43. Rb5 Kc6 44. Kc4 b3 45. Rxb3 Re2 46. d4 Rc2+ 47. Kd3 Rxh2 48. Ke3 Rg2 49. Kf3 Rd2 50. Ke3 Rd1 51. g4 Re1+ 52. Kf4 Re7 53. Rh3 b5 54. Rb3 Re1 55. Rb4 Kb6 56. Rb2 Re7 57. Rb1 Kc6 58. d5+ Kc5 59. d6 Re6 60. d7 Rd6 0-1

[Event "AUT-chT2W 0405"]
[Site "Austria"]
[Date "2004.10.16"]
[Round "1.5"]
[White "Knechtel, Roland"]
[Black "Ferrari, Josef"]
[Result "1-0"]
[WhiteElo "2229"]
[BlackElo "2220"]
[PlyCount "35"]
[EventDate "2004.10.16"]
[EventType "team-tourn"]
[EventRounds "11"]
[EventCountry "AUT"]
[SourceTitle "EXT 2005"]
[Source "ChessBase"]
[SourceDate "2004.11.15"]
[SourceVersion "1"]
[SourceVersionDate "2004.11.15"]
[SourceQuality "1"]
[WhiteTeam "Ranshofen"]
[BlackTeam "Absam"]
[WhiteTeamCountry "AUT"]
[BlackTeamCountry "AUT"]

1. d4 d5 2. c4 e6 3. Nc3 c5 4. cxd5 exd5 5. Nf3 Nc6 6. Bg5 f6 7. Bf4 cxd4 8. Nxd4 a6 9. e3 Bb4 10. Nxc6 bxc6 11. Qa4 Qb6 12. Be2 Ne7 13. 0-0 Ng6 14. Nxd5 Qc5 15. Nxb4 Nxf4 16. exf4 0-0 17. Nxc6 Kh8 18. Qb4 1-0

[Event "AUT-ch"]
[Site "Hartberg"]
[Date "2004.08.01"]
[Round "9"]
[White "Ferrari, Josef"]
[Black "Nickl, Klaus"]
[Result "0-1"]
[WhiteElo "2220"]
[BlackElo "2171"]
[PlyCount "142"]
[EventDate "2004.07.24"]
[EventType "swiss"]
[EventRounds "9"]
[EventCountry "AUT"]
[SourceTitle "CBM 101 Extra"]
[Source "ChessBase"]
[SourceDate "2004.09.01"]
[SourceVersion "2"]
[SourceVersionDate "2004.09.01"]
[SourceQuality "1"]

1. c4 Nf6 2. d4 g6 3. Nc3 Bg7 4. e4 0-0 5. Be3 d6 6. f3 Nbd7 7. Qd2 e5 8. d5 a5 9. Nge2 Nc5 10. 0-0-0 Ne8 11. g4 f5 12. gxf5 gxf5 13. Bg5 Bf6 14. Bh6 Bg7 15. Bg5 Bf6 16. Be3 f4 17. Bf2 Bh4 18. Bg1 Bd7 19. Kb1 Rf6 20. Nc1 a4 21. Nd3 b6 22. Bf2 Rg6 23. Qe1 Nxd3 24. Bxd3 Rh6 25. Bf1 Kf7 26. Nb5 Qg5 27. Be2 Qh5 28. Bf1 Ke7 29. Qd2 Qxf3 30. Bxh4+ Rxh4 31. Bd3 Bh3 32. Rhg1 Rg4 33. Qc2 Rg2 34. Rxg2 Qxg2 35. Rd2 Qg1+ 36. Rd1 Qe3 37. Qc3 Bg2 38. Re1 Qf2 39. Qc1 Kd7 40. Re2 Qf1 41. Rd2 Qxc1+ 42. Kxc1 f3 43. Rf2 Nf6 44. h3 Nh5 45. Bf1 Nf4 46. Nc3 Rg8 47. h4 Rg3 48. c5 Nh3 49. Bb5+ Ke7 50. cxd6+ cxd6 51. Rc2 f2 52. Nxa4 Bxe4 53. Rc7+ Kf8 54. Nxb6 Rg1+ 55. Kd2 f1Q 56. Bxf1 Rxf1 57. a4 Rf3 58. Rc3 Nf4 59. Rc8+ Ke7 60. Rc7+ Ke8 61. Rc8+ Kf7 62. Rc7+ Kg6 63. Rd7 Rd3+ 64. Ke1 Nxd5 65. Rxd6+ Kf5 66. Nd7 Bf3 67. b4 e4 68. Nc5 Rd1+ 69. Kf2 Rd2+ 70. Ke1 e3 71. Kf1 Rd1# 0-1